000 00710nam a22002057a 4500
999 _c6926
_d6926
003 OSt
005 20210511115632.0
008 210511b ||||| |||| 00| 0 eng d
020 _a9781491931257
040 _cDDC
082 _a005.13 EDE 2018
100 _aEdelman, Jason; Lowe,Scott S. ;Oswalt, Matt
_914207
245 _aNetwork Programmability And Automation :
_bSkills For The Next-Generation Network Engineer
260 _aSebastopol, CA :
_b O'Reilly Media, Inc,
_c2018
300 _axx, 559 pages :
_b illustrations ;
_c24 cm
504 _aIncludes index.
650 _aComputer networks -- Administration
_914208
650 _aScripting languages (Computer science)
_914209
942 _2ddc
_cBOOK